000 00453nam a22001817a 4500
005 20200517101232.0
008 200517b xxu||||| |||| 00| 0 eng d
020 _a9789388178747
041 _aeng
082 _a615 KUM
100 _aKUMAR UDAY
_95364
245 _aPHARMACOLOGY FOR PHARMACY STUDENT
250 _a1'ST
260 _aNew Delhi
_bCBS Publishers and distriboturs
_c2019
300 _a710,xxvi
650 _aPHARMACY
_95365
942 _cBK
999 _c6196
_d6194